000 00605nmm a2200169Ia 4500
008 251105s9999||||xx |||||||||||||||||und||
020 _a9788437064567
041 _aeng
100 _aNúñez Puente, Carolina
245 0 _aFeminism and Dialogics: Charlotte Perkins, Meridel Le Sueur, Mikhail M. Bakhtin
264 _a[Madrid, España] :
_bPublicaciones de la Universidad de Valencia (PUV),
_c2006
300 _a212 páginas
490 _aBiblioteca Javier Coy d'estudis nord-americans
650 _aGender and Women Studies
856 _uhttps://public.digitaliapublishing.com/a/35049
942 _cCF
999 _c82354
_d82354